| 000 | 00000nem##2200000za#4500 |
| 001 | 9.616966 |
| 003 | CaOODSP |
| 005 | 20230131161134 |
| 007 | aj |a||| |
| 008 | 150406|2004||||xxc|||| a##f | eng|d |
| 040 | |aCaOODSP|beng |
| 043 | |an-cn--- |
| 086 | 1 |aM48-2031AE |
| 110 | 2 |aGeological Survey of Canada. |
| 245 | 10|aGeology, Dawson River, British Columbia / |h[cartographic material]|cMap compilation by C.A. Evenchick and D.J. Thorkelson. |
| 255 | |aScale 1:50,000 |
| 260 | |bNatural Resources Canada. |c2004. |
| 300 | |a1 sheet. : |bcoloured map ; |c75 cm. |
| 490 | 1 |a"A" series map|v2031A |
| 590 | |a04-29|b2004-07-16 |
| 720 | 1 |aEvenchick, C. A. |
| 720 | 1 |aThorkelsen, D. J. |
| 776 | 0#|tGeology, Dawson River, British Columbia / |w(CaOODSP)9.579090 |
| 830 | #0|aGeological Survey of Canada, "A" series map ;|v2031A|w(CaOODSP)9.515061 |